[Event "XLIV Memoriał Szachowy Ludwika Zamenhofa 2025, Grupa B"]
[Site "Bialystok, Poland"]
[Date "2025.12.30"]
[Round "7.2"]
[White "Reshetniak, Vitaliy"]
[Black "Endeladze, Ramaz"]
[Result "1/2-1/2"]
[TimeControl "90'+30\""]
[WhiteElo "2048"]
[BlackElo "2133"]

1. d4 {[%clk 01:30:30]} {[%emt 00:49:35]} Nf6 {[%clk 01:25:06]} {[%emt
00:05:56]} 2. c4 {[%clk 01:31:20]} {[%emt 00:00:09]} g6 {[%clk 01:25:29]}
{[%emt 00:00:07]} 3. Nc3 {[%clk 01:31:34]} {[%emt 00:00:15]} Bg7 {[%clk
01:25:37]} {[%emt 00:00:23]} 4. e4 {[%clk 01:31:45]} {[%emt 00:00:20]} d6
{[%clk 01:26:06]} {[%emt 00:00:01]} 5. h3 {[%clk 01:32:02]} {[%emt 00:00:13]}
O-O {[%clk 01:24:31]} {[%emt 00:02:05]} 6. Nf3 {[%clk 01:31:46]} {[%emt
00:00:46]} c6 {[%clk 01:20:04]} {[%emt 00:04:57]} 7. Bg5 {[%clk 01:30:23]}
{[%emt 00:01:52]} h6 {[%clk 01:16:03]} {[%emt 00:04:31]} 8. Be3 {[%clk
01:30:25]} {[%emt 00:00:28]} e5 {[%clk 01:09:21]} {[%emt 00:07:12]} 9. d5
{[%clk 01:26:06]} {[%emt 00:04:49]} Ne8 {[%clk 01:05:01]} {[%emt 00:04:50]} 10.
g4 {[%clk 01:18:13]} {[%emt 00:08:23]} Nd7 {[%clk 01:04:38]} {[%emt 00:00:53]}
11. Be2 {[%clk 01:14:51]} {[%emt 00:03:52]} a5 {[%clk 01:04:58]} {[%emt
00:00:11]} 12. Rg1 {[%clk 01:06:06]} {[%emt 00:09:14]} Qe7 {[%clk 00:48:39]}
{[%emt 00:16:50]} 13. h4 {[%clk 01:04:19]} {[%emt 00:02:16]} Nc5 {[%clk
00:44:34]} {[%emt 00:04:35]} 14. h5 {[%clk 01:04:07]} {[%emt 00:00:42]} Nf6
{[%clk 00:43:29]} {[%emt 00:01:36]} 15. Nd2 {[%clk 01:01:56]} {[%emt 00:02:39]}
Nh7 {[%clk 00:37:25]} {[%emt 00:06:34]} 16. Nf3 {[%clk 01:02:12]} {[%emt
00:00:14]} Nf6 {[%clk 00:37:48]} {[%emt 00:00:08]} 17. Nd2 {[%clk 01:02:13]}
{[%emt 00:00:29]} Nh7 {[%clk 00:38:09]} {[%emt 00:00:09]} 1/2-1/2

[Event "XLIV Memoriał Szachowy Ludwika Zamenhofa 2025, Grupa B"]
[Site "Bialystok, Poland"]
[Date "2025.12.30"]
[Round "7.3"]
[White "Fukowski, Pawel"]
[Black "Budzisz, Adrian"]
[Result "1/2-1/2"]
[TimeControl "90'+30\""]
[WhiteElo "1997"]
[BlackElo "2065"]

1. d4 {[%clk 01:30:57]} {[%emt 00:00:02]} f5 {[%clk 01:22:58]} {[%emt
00:08:03]} 2. Nf3 {[%clk 01:31:05]} {[%emt 00:00:22]} Nf6 {[%clk 01:23:14]}
{[%emt 00:00:12]} 3. c4 {[%clk 01:31:07]} {[%emt 00:00:29]} e6 {[%clk
01:23:34]} {[%emt 00:00:11]} 4. g3 {[%clk 01:31:28]} {[%emt 00:00:09]} Be7
{[%clk 01:23:37]} {[%emt 00:00:26]} 5. Bg2 {[%clk 01:31:25]} {[%emt 00:00:33]}
O-O {[%clk 01:23:53]} {[%emt 00:00:15]} 6. O-O {[%clk 01:30:07]} {[%emt
00:01:47]} d6 {[%clk 01:22:07]} {[%emt 00:02:17]} 7. Nc3 {[%clk 01:28:10]}
{[%emt 00:02:27]} Ne4 {[%clk 01:22:23]} {[%emt 00:00:14]} 8. Ne1 {[%clk
01:21:12]} {[%emt 00:07:28]} Nxc3 {[%clk 01:22:27]} {[%emt 00:00:26]} 9. bxc3
{[%clk 01:21:40]} {[%emt 00:00:03]} Nc6 {[%clk 01:21:55]} {[%emt 00:01:01]} 10.
e4 {[%clk 01:18:26]} {[%emt 00:03:44]} e5 {[%clk 01:20:27]} {[%emt 00:01:57]}
11. f4 {[%clk 01:16:50]} {[%emt 00:02:07]} Bf6 {[%clk 01:15:44]} {[%emt
00:05:12]} 12. Be3 {[%clk 01:06:41]} {[%emt 00:10:40]} Kh8 {[%clk 01:06:30]}
{[%emt 00:09:44]} 13. Qd3 {[%clk 00:59:54]} {[%emt 00:07:16]} Qe8 {[%clk
00:58:24]} {[%emt 00:08:37]} 14. fxe5 {[%clk 00:43:03]} {[%emt 00:17:20]} dxe5
{[%clk 00:58:07]} {[%emt 00:00:47]} 15. exf5 {[%clk 00:41:47]} {[%emt
00:01:47]} exd4 {[%clk 00:58:21]} {[%emt 00:00:16]} 16. Bxd4 {[%clk 00:34:20]}
{[%emt 00:07:57]} Nxd4 {[%clk 00:58:13]} {[%emt 00:00:38]} 17. cxd4 {[%clk
00:34:12]} {[%emt 00:00:37]} Bxf5 {[%clk 00:58:30]} {[%emt 00:00:13]} 18. Rxf5
{[%clk 00:33:19]} {[%emt 00:01:24]} Bxd4+ {[%clk 00:58:46]} {[%emt 00:00:13]}
19. Qxd4 {[%clk 00:33:37]} {[%emt 00:00:12]} Rxf5 {[%clk 00:59:11]} {[%emt
00:00:05]} 20. Rd1 {[%clk 00:30:15]} {[%emt 00:03:53]} c6 {[%clk 00:57:36]}
{[%emt 00:02:05]} 21. Nf3 {[%clk 00:26:45]} {[%emt 00:03:59]} Qe7 {[%clk
00:54:06]} {[%emt 00:04:01]} 22. g4 {[%clk 00:21:27]} {[%emt 00:05:48]} Rff8
{[%clk 00:46:13]} {[%emt 00:08:23]} 23. Re1 {[%clk 00:19:06]} {[%emt 00:02:51]}
Qb4 {[%clk 00:45:41]} {[%emt 00:01:01]} 24. Re5 {[%clk 00:16:56]} {[%emt
00:02:41]} Rae8 {[%clk 00:39:57]} {[%emt 00:06:13]} 25. Rxe8 {[%clk 00:12:38]}
{[%emt 00:04:49]} Rxe8 {[%clk 00:40:22]} {[%emt 00:00:05]} 26. Qxa7 {[%clk
00:12:43]} {[%emt 00:00:24]} Qb1+ {[%clk 00:38:54]} {[%emt 00:01:58]} 27. Kf2
{[%clk 00:11:39]} {[%emt 00:01:34]} h6 {[%clk 00:38:20]} {[%emt 00:01:04]} 28.
Qd4 {[%clk 00:10:32]} {[%emt 00:01:38]} Qxa2+ {[%clk 00:38:19]} {[%emt
00:00:30]} 29. Kg3 {[%clk 00:10:52]} {[%emt 00:00:10]} Qe2 {[%clk 00:37:32]}
{[%emt 00:01:17]} 30. c5 {[%clk 00:06:17]} {[%emt 00:05:06]} Qe3 {[%clk
00:35:57]} {[%emt 00:02:05]} 31. Qd7 {[%clk 00:05:34]} {[%emt 00:01:13]} Rf8
{[%clk 00:32:38]} {[%emt 00:03:49]} 32. Qxb7 {[%clk 00:03:57]} {[%emt
00:02:07]} Qxc5 {[%clk 00:32:53]} {[%emt 00:00:15]} 33. Nh4 {[%clk 00:03:41]}
{[%emt 00:00:46]} Qd6+ {[%clk 00:21:59]} {[%emt 00:11:25]} 34. Kh3 {[%clk
00:04:03]} {[%emt 00:00:07]} Qd3+ {[%clk 00:18:30]} {[%emt 00:03:58]} 35. Bf3
{[%clk 00:04:03]} {[%emt 00:00:30]} g5 {[%clk 00:16:09]} {[%emt 00:02:51]} 36.
Qxc6 {[%clk 00:04:08]} {[%emt 00:00:26]} gxh4 {[%clk 00:16:22]} {[%emt
00:00:17]} 37. Qxh6+ {[%clk 00:04:22]} {[%emt 00:00:15]} Kg8 {[%clk 00:16:47]}
{[%emt 00:00:06]} 38. Qg5+ {[%clk 00:04:34]} {[%emt 00:00:18]} Kf7 {[%clk
00:14:25]} {[%emt 00:02:51]} 39. Qd5+ {[%clk 00:04:21]} {[%emt 00:00:45]} Qxd5
{[%clk 00:14:48]} {[%emt 00:00:07]} 40. Bxd5+ {[%clk 00:04:49]} Kf6 {[%emt
00:00:07]} 41. Kxh4 {[%clk 00:03:35]} {[%emt 00:01:42]} Ke5 {[%clk 00:15:39]}
{[%emt 00:00:04]} 42. Bc6 {[%clk 00:02:53]} {[%emt 00:01:12]} Kf4 {[%clk
00:16:05]} {[%emt 00:00:03]} 43. Kh3 {[%clk 00:02:35]} {[%emt 00:00:48]} Rg8
{[%clk 00:16:18]} {[%emt 00:00:18]} 44. Bd7 {[%clk 00:02:14]} {[%emt 00:00:51]}
Rd8 {[%clk 00:16:03]} {[%emt 00:00:44]} 45. Bf5 {[%clk 00:02:12]} {[%emt
00:00:32]} Kf3 {[%clk 00:15:16]} {[%emt 00:01:17]} 46. Kh4 {[%clk 00:02:34]}
{[%emt 00:00:08]} Rh8+ {[%clk 00:15:29]} {[%emt 00:00:17]} 47. Kg5 {[%clk
00:03:03]} {[%emt 00:00:01]} Rxh2 {[%clk 00:15:53]} {[%emt 00:00:06]} 48. Be6
{[%clk 00:03:01]} {[%emt 00:00:32]} Rb2 {[%clk 00:16:03]} {[%emt 00:00:20]} 49.
Bd5+ {[%clk 00:03:10]} {[%emt 00:00:23]} Kg3 {[%clk 00:16:12]} {[%emt
00:00:21]} 50. Be6 {[%clk 00:03:23]} {[%emt 00:00:16]} Rb5+ {[%clk 00:16:33]}
{[%emt 00:00:09]} 51. Bf5 {[%clk 00:03:43]} {[%emt 00:00:10]} Ra5 {[%clk
00:16:56]} {[%emt 00:00:07]} 52. Kf6 {[%clk 00:04:08]} {[%emt 00:00:06]} Kf4
{[%clk 00:17:17]} {[%emt 00:00:08]} 53. Ke6 {[%clk 00:04:35]} {[%emt 00:00:03]}
Ra6+ {[%clk 00:17:19]} {[%emt 00:00:28]} 54. Kd5 {[%clk 00:05:04]} Ke5+ {[%emt
00:00:13]} 55. Ke4+ {[%clk 00:05:04]} 1/2-1/2

[Event "XLIV Memoriał Szachowy Ludwika Zamenhofa 2025, Grupa B"]
[Site "Bialystok, Poland"]
[Date "2025.12.30"]
[Round "7.4"]
[White "Kozlowski, Pawel"]
[Black "Madejski, Milosz"]
[Result "1/2-1/2"]
[TimeControl "90'+30\""]
[WhiteElo "2036"]
[BlackElo "1917"]

1. e4 {[%clk 01:23:00]} {[%emt 00:07:51]} c6 {[%clk 01:30:22]} {[%emt
00:00:48]} 2. Nc3 {[%clk 01:23:10]} {[%emt 00:00:19]} d5 {[%clk 01:30:45]}
{[%emt 00:00:06]} 3. Qe2 {[%clk 01:23:31]} {[%emt 00:00:10]} d4 {[%clk
01:31:08]} {[%emt 00:00:07]} 4. Nd1 {[%clk 01:23:56]} {[%emt 00:00:04]} e5
{[%clk 01:31:37]} {[%emt 00:00:02]} 5. g3 {[%clk 01:23:39]} {[%emt 00:00:46]}
Bd6 {[%clk 01:31:57]} {[%emt 00:00:11]} 6. d3 {[%clk 01:23:09]} {[%emt
00:01:00]} c5 {[%clk 01:32:20]} {[%emt 00:00:08]} 7. f4 {[%clk 01:22:58]}
{[%emt 00:00:40]} Nc6 {[%clk 01:32:15]} {[%emt 00:00:35]} 8. Nf3 {[%clk
01:22:31]} {[%emt 00:00:56]} Nge7 {[%clk 01:32:17]} {[%emt 00:00:29]} 9. Bg2
{[%clk 01:22:12]} {[%emt 00:00:49]} f6 {[%clk 01:32:43]} {[%emt 00:00:04]} 10.
O-O {[%clk 01:20:57]} {[%emt 00:01:45]} Be6 {[%clk 01:33:12]} {[%emt 00:00:02]}
11. c4 {[%clk 01:12:08]} {[%emt 00:09:18]} Rb8 {[%clk 01:23:57]} {[%emt
00:09:45]} 12. b3 {[%clk 01:02:00]} {[%emt 00:10:38]} a6 {[%clk 01:24:05]}
{[%emt 00:00:22]} 13. f5 {[%clk 00:36:50]} {[%emt 00:25:40]} Bf7 {[%clk
01:24:12]} {[%emt 00:00:22]} 14. g4 {[%clk 00:36:16]} {[%emt 00:01:05]} g5
{[%clk 01:18:49]} {[%emt 00:05:54]} 15. h4 {[%clk 00:20:43]} {[%emt 00:16:02]}
h6 {[%clk 01:19:11]} {[%emt 00:00:09]} 16. Nf2 {[%clk 00:20:14]} {[%emt
00:00:58]} Rg8 {[%clk 01:14:33]} {[%emt 00:05:08]} 17. Nh3 {[%clk 00:19:15]}
{[%emt 00:01:29]} Nc8 {[%clk 00:58:38]} {[%emt 00:16:26]} 18. Bd2 {[%clk
00:16:44]} {[%emt 00:03:01]} Be7 {[%clk 00:58:02]} {[%emt 00:01:06]} 19. a3
{[%clk 00:09:02]} {[%emt 00:08:12]} b5 {[%clk 00:49:13]} {[%emt 00:09:18]} 20.
Rfb1 {[%clk 00:06:20]} {[%emt 00:03:13]} Nd6 {[%clk 00:46:37]} {[%emt
00:03:06]} 21. Kf2 {[%clk 00:04:45]} {[%emt 00:02:06]} Kd7 {[%clk 00:46:41]}
{[%emt 00:00:26]} 22. Qd1 {[%emt 00:08:23]} Bg6 {[%emt 00:03:09]} 1/2-1/2

[Event "XLIV Memoriał Szachowy Ludwika Zamenhofa 2025, Grupa B"]
[Site "Bialystok, Poland"]
[Date "2025.12.30"]
[Round "7.5"]
[White "Ptaszynski, Szymon"]
[Black "Zareba, Maciej"]
[Result "1/2-1/2"]
[TimeControl "90'+30\""]
[WhiteElo "2025"]
[BlackElo "1890"]

1. e4 {[%clk 01:30:54]} {[%emt 00:00:05]} e6 {[%clk 01:30:54]} {[%emt
00:00:06]} 2. d4 {[%clk 01:31:18]} {[%emt 00:00:06]} d5 {[%clk 01:31:18]}
{[%emt 00:00:06]} 3. e5 {[%clk 01:31:08]} {[%emt 00:00:40]} c5 {[%clk
01:31:43]} {[%emt 00:00:06]} 4. c3 {[%clk 01:31:35]} {[%emt 00:00:03]} Nc6
{[%clk 01:32:10]} {[%emt 00:00:03]} 5. Nf3 {[%clk 01:32:01]} {[%emt 00:00:04]}
Bd7 {[%clk 01:32:36]} {[%emt 00:00:04]} 6. a3 {[%clk 01:30:25]} {[%emt
00:02:06]} c4 {[%emt 00:07:42]} 7. Bf4 {[%clk 01:29:08]} Qb6 {[%clk 01:23:58]}
{[%emt 00:03:43]} 8. Qc2 {[%clk 01:29:01]} {[%emt 00:00:36]} Na5 {[%clk
01:21:44]} {[%emt 00:02:44]} 9. Nbd2 {[%clk 01:28:27]} {[%emt 00:01:04]} Ne7
{[%clk 01:19:48]} {[%emt 00:02:26]} 10. Be2 {[%clk 01:27:58]} {[%emt 00:00:59]}
Nb3 {[%clk 01:18:06]} {[%emt 00:02:12]} 11. Nxb3 {[%clk 01:27:10]} {[%emt
00:01:19]} cxb3 {[%clk 01:14:32]} {[%emt 00:04:04]} 12. Qd1 {[%clk 01:26:36]}
{[%emt 00:01:03]} Nc6 {[%clk 01:14:22]} {[%emt 00:00:41]} 13. Be3 {[%clk
01:25:30]} {[%emt 00:01:35]} Na5 {[%clk 01:13:57]} {[%emt 00:00:56]} 14. Nd2
{[%clk 01:24:26]} {[%emt 00:01:34]} Bb5 {[%clk 01:12:29]} {[%emt 00:01:57]} 15.
O-O {[%clk 01:22:29]} {[%emt 00:02:28]} Bxe2 {[%clk 01:10:21]} {[%emt
00:02:37]} 16. Qxe2 {[%clk 01:22:42]} {[%emt 00:00:18]} Rc8 {[%clk 01:08:45]}
{[%emt 00:02:06]} 17. f4 {[%clk 01:15:31]} {[%emt 00:07:40]} g6 {[%clk
01:08:21]} {[%emt 00:00:54]} 18. Kh1 {[%clk 01:14:30]} {[%emt 00:01:31]} Nc4
{[%clk 01:08:21]} {[%emt 00:00:30]} 19. Nxc4 {[%clk 01:14:28]} {[%emt
00:00:32]} Rxc4 {[%clk 01:08:49]} {[%emt 00:00:02]} 20. Qf2 {[%clk 01:12:57]}
{[%emt 00:02:01]} h5 {[%clk 01:07:50]} {[%emt 00:01:29]} 21. Bd2 {[%clk
01:11:30]} {[%emt 00:01:56]} Be7 {[%clk 01:07:31]} {[%emt 00:00:50]} 22. g3
{[%clk 01:11:26]} {[%emt 00:00:34]} a5 {[%clk 01:06:52]} {[%emt 00:01:10]} 23.
h3 {[%clk 01:08:17]} {[%emt 00:03:38]} Kd7 {[%clk 01:02:29]} {[%emt 00:04:54]}
24. Qf3 {[%clk 01:07:38]} {[%emt 00:01:09]} Qa6 {[%clk 01:02:03]} {[%emt
00:00:56]} 25. Rfe1 {[%clk 01:07:04]} {[%emt 00:01:03]} Rcc8 {[%clk 01:01:30]}
{[%emt 00:01:03]} 26. Kg2 {[%clk 01:06:30]} {[%emt 00:01:04]} a4 {[%clk
01:01:26]} {[%emt 00:00:34]} 27. Kf2 {[%clk 01:00:43]} {[%emt 00:06:15]} Qc4
{[%clk 01:01:16]} {[%emt 00:00:42]} 28. Qe2 {[%clk 01:00:38]} {[%emt 00:00:34]}
b5 {[%clk 01:01:24]} {[%emt 00:00:24]} 29. Rf1 {[%clk 00:59:47]} {[%emt
00:01:20]} Rcg8 {[%clk 01:01:25]} {[%emt 00:00:29]} 30. Qxc4 {[%clk 00:50:09]}
{[%emt 00:10:08]} bxc4 {[%clk 01:01:48]} {[%emt 00:00:07]} 31. Kg2 {[%clk
00:50:27]} {[%emt 00:00:12]} Rh7 {[%clk 01:01:53]} {[%emt 00:00:25]} 32. Rf2
{[%clk 00:49:00]} {[%emt 00:01:58]} Rgh8 {[%clk 01:02:03]} {[%emt 00:00:20]} 33.
Be3 {[%clk 00:49:10]} {[%emt 00:00:19]} Rg8 {[%clk 01:02:08]} {[%emt 00:00:25]}
34. Rh1 {[%clk 00:49:07]} {[%emt 00:00:31]} Rgh8 {[%clk 01:02:26]} {[%emt
00:00:15]} 35. Bc1 {[%clk 00:49:20]} {[%emt 00:00:16]} Ke8 {[%clk 01:02:22]}
{[%emt 00:00:34]} 36. Rh2 {[%clk 00:49:31]} {[%emt 00:00:19]} Kf8 {[%clk
01:02:05]} {[%emt 00:00:48]} 37. Kg1 {[%clk 00:49:40]} {[%emt 00:00:20]} Ke8
{[%clk 01:02:16]} {[%emt 00:00:19]} 38. Be3 {[%clk 00:48:17]} {[%emt 00:01:53]}
Kf8 {[%clk 01:02:20]} {[%emt 00:00:26]} 39. Kf1 {[%clk 00:48:37]} {[%emt
00:00:11]} Ke8 {[%clk 01:02:08]} {[%emt 00:00:41]} 40. Rh1 {[%clk 00:48:20]}
{[%emt 00:00:47]} Kf8 {[%clk 01:02:33]} {[%emt 00:00:06]} 41. Kg1 {[%clk
00:48:39]} {[%emt 00:00:10]} Ke8 {[%clk 01:02:54]} {[%emt 00:00:09]} 42. Rfh2
{[%clk 00:48:46]} {[%emt 00:00:22]} Kf8 {[%clk 01:03:18]} {[%emt 00:00:07]} 43.
Bc1 {[%clk 00:48:48]} {[%emt 00:00:29]} Ke8 {[%clk 01:03:23]} {[%emt 00:00:24]}
44. Kg2 {[%clk 00:47:28]} {[%emt 00:01:49]} Kf8 {[%clk 01:03:45]} {[%emt
00:00:08]} 1/2-1/2

[Event "XLIV Memoriał Szachowy Ludwika Zamenhofa 2025, Grupa B"]
[Site "Bialystok, Poland"]
[Date "2025.12.30"]
[Round "7.6"]
[White "Kicinski, Jacek"]
[Black "Mielczarski, Miroslaw"]
[Result "0-1"]
[TimeControl "90'+30\""]
[WhiteElo "1878"]
[BlackElo "2042"]

1. d4 {[%clk 01:30:58]} {[%emt 00:00:01]} Nf6 {[%clk 01:30:35]} {[%emt
00:00:25]} 2. Nf3 {[%clk 01:31:19]} {[%emt 00:00:10]} e6 {[%clk 01:30:38]}
{[%emt 00:00:27]} 3. Bg5 {[%clk 01:30:56]} {[%emt 00:00:53]} c5 {[%clk
01:28:17]} {[%emt 00:02:51]} 4. c3 {[%clk 01:18:44]} {[%emt 00:12:42]} d5
{[%clk 01:25:20]} {[%emt 00:03:27]} 5. e3 {[%clk 01:16:58]} {[%emt 00:02:15]}
Nc6 {[%clk 01:25:10]} {[%emt 00:00:40]} 6. Bd3 {[%clk 01:16:12]} {[%emt
00:01:17]} Qb6 {[%clk 01:19:36]} {[%emt 00:06:04]} 7. Qc1 {[%clk 01:12:51]}
{[%emt 00:03:51]} Be7 {[%clk 01:18:05]} {[%emt 00:02:00]} 8. Nbd2 {[%clk
01:12:51]} {[%emt 00:00:30]} Qc7 {[%clk 01:17:06]} {[%emt 00:01:29]} 9. O-O
{[%clk 01:11:59]} {[%emt 00:01:23]} O-O {[%clk 01:16:19]} {[%emt 00:01:16]} 10.
Qc2 {[%clk 01:01:54]} {[%emt 00:10:35]} h6 {[%clk 01:04:50]} {[%emt 00:11:59]}
11. Bh4 {[%clk 01:00:44]} {[%emt 00:01:40]} b6 {[%clk 01:04:21]} {[%emt
00:01:00]} 12. Bg3 {[%clk 00:57:00]} {[%emt 00:04:14]} Bd6 {[%clk 01:02:33]}
{[%emt 00:02:18]} 13. Bxd6 {[%clk 00:57:15]} {[%emt 00:00:16]} Qxd6 {[%clk
01:03:01]} {[%emt 00:00:02]} 14. Rfe1 {[%clk 00:48:28]} {[%emt 00:09:16]} Bb7
{[%clk 01:02:26]} {[%emt 00:01:06]} 15. Rad1 {[%clk 00:47:58]} {[%emt
00:00:59]} e5 {[%clk 00:38:23]} {[%emt 00:24:33]} 16. dxe5 {[%clk 00:31:17]}
{[%emt 00:17:11]} Nxe5 {[%clk 00:38:46]} {[%emt 00:00:07]} 17. Nxe5 {[%clk
00:30:41]} {[%emt 00:01:06]} Qxe5 {[%clk 00:39:14]} {[%emt 00:00:02]} 18. e4
{[%clk 00:26:32]} {[%emt 00:04:39]} dxe4 {[%clk 00:31:49]} {[%emt 00:07:55]} 19.
Nxe4 {[%clk 00:26:26]} {[%emt 00:00:36]} Rfe8 {[%clk 00:30:28]} {[%emt
00:01:51]} 20. Qe2 {[%clk 00:22:11]} {[%emt 00:04:44]} Bxe4 {[%clk 00:28:00]}
{[%emt 00:03:00]} 21. f3 {[%clk 00:22:00]} {[%emt 00:00:40]} Bxd3 {[%clk
00:26:02]} {[%emt 00:02:28]} 22. Qxe5 {[%clk 00:22:02]} {[%emt 00:00:27]} Rxe5
{[%clk 00:26:07]} {[%emt 00:00:25]} 23. Rxe5 {[%clk 00:22:31]} {[%emt
00:00:02]} Bc4 {[%clk 00:26:13]} {[%emt 00:00:23]} 24. b3 {[%clk 00:21:24]}
{[%emt 00:01:38]} Be6 {[%clk 00:26:23]} {[%emt 00:00:19]} 25. c4 {[%clk
00:20:14]} {[%emt 00:01:41]} Kf8 {[%clk 00:26:20]} {[%emt 00:00:32]} 26. f4
{[%clk 00:20:23]} {[%emt 00:00:22]} g6 {[%clk 00:26:42]} {[%emt 00:00:07]} 27.
h3 {[%clk 00:20:21]} {[%emt 00:00:33]} h5 {[%clk 00:26:54]} {[%emt 00:00:17]}
28. a4 {[%clk 00:20:14]} {[%emt 00:00:38]} Ke7 {[%clk 00:24:02]} {[%emt
00:03:22]} 29. Re3 {[%clk 00:17:48]} {[%emt 00:02:56]} h4 {[%clk 00:21:48]}
{[%emt 00:02:44]} 30. a5 {[%clk 00:15:11]} {[%emt 00:03:07]} b5 {[%clk
00:17:54]} {[%emt 00:04:24]} 31. cxb5 {[%clk 00:15:07]} {[%emt 00:00:35]} Rb8
{[%clk 00:18:19]} {[%emt 00:00:04]} 32. b6 {[%clk 00:14:51]} {[%emt 00:00:47]}
axb6 {[%clk 00:18:45]} {[%emt 00:00:03]} 33. a6 {[%clk 00:10:54]} {[%emt
00:04:27]} Ra8 {[%clk 00:18:55]} {[%emt 00:00:20]} 34. Ra1 {[%clk 00:11:11]}
{[%emt 00:00:12]} Nd5 {[%clk 00:19:17]} {[%emt 00:00:08]} 35. Re4 {[%clk
00:10:48]} {[%emt 00:00:54]} Nb4 {[%clk 00:19:12]} {[%emt 00:00:35]} 36. f5
{[%clk 00:09:29]} {[%emt 00:01:50]} gxf5 {[%clk 00:19:35]} {[%emt 00:00:06]} 37.
Rxh4 {[%clk 00:09:55]} {[%emt 00:00:04]} Rxa6 {[%clk 00:19:46]} {[%emt
00:00:18]} 38. Re1 {[%clk 00:07:53]} {[%emt 00:02:32]} Kf6 {[%clk 00:19:56]}
{[%emt 00:00:18]} 39. Kf1 {[%clk 00:06:36]} {[%emt 00:01:49]} Bxb3 {[%clk
00:19:40]} {[%emt 00:00:47]} 40. Rh6+ {[%clk 00:06:55]} {[%emt 00:00:11]} Kg7
{[%clk 00:20:01]} {[%emt 00:00:06]} 41. Rd6 {[%clk 00:07:07]} {[%emt 00:00:20]}
Be6 {[%clk 00:20:12]} {[%emt 00:00:19]} 42. h4 {[%clk 00:06:58]} {[%emt
00:00:40]} b5 {[%clk 00:20:04]} {[%emt 00:00:38]} 43. Rd2 {[%clk 00:07:23]}
{[%emt 00:00:04]} c4 {[%clk 00:19:39]} {[%emt 00:00:56]} 44. Rb1 {[%clk
00:07:27]} {[%emt 00:00:26]} c3 {[%clk 00:19:53]} {[%emt 00:00:16]} 0-1

[Event "XLIV Memoriał Szachowy Ludwika Zamenhofa 2025, Grupa B"]
[Site "Bialystok, Poland"]
[Date "2025.12.30"]
[Round "7.7"]
[White "Daniel, Damian"]
[Black "Kaminski, Jan"]
[Result "1-0"]
[TimeControl "90'+30\""]
[WhiteElo "2150"]
[BlackElo "1922"]

1. d4 {[%clk 01:30:58]} {[%emt 00:00:02]} Nf6 {[%clk 01:30:58]} {[%emt
00:00:03]} 2. c4 {[%clk 01:31:14]} {[%emt 00:00:13]} c6 {[%clk 01:31:25]}
{[%emt 00:00:04]} 3. Bf4 {[%clk 01:31:24]} {[%emt 00:00:19]} d5 {[%clk
01:29:30]} {[%emt 00:02:25]} 4. e3 {[%clk 01:31:35]} {[%emt 00:00:19]} e6
{[%clk 01:22:51]} {[%emt 00:07:10]} 5. Nc3 {[%clk 01:29:56]} {[%emt 00:02:08]}
Nbd7 {[%clk 01:23:05]} {[%emt 00:00:17]} 6. Nf3 {[%clk 01:27:46]} {[%emt
00:02:40]} Be7 {[%clk 01:21:18]} {[%emt 00:02:16]} 7. c5 {[%clk 01:24:58]}
{[%emt 00:03:19]} b6 {[%clk 01:16:39]} {[%emt 00:05:08]} 8. b4 {[%clk
01:24:59]} {[%emt 00:00:30]} a5 {[%clk 01:16:46]} {[%emt 00:00:23]} 9. a3
{[%clk 01:25:13]} {[%emt 00:00:16]} O-O {[%clk 01:11:33]} {[%emt 00:05:43]} 10.
h3 {[%clk 01:25:03]} {[%emt 00:00:40]} bxc5 {[%clk 01:02:07]} {[%emt 00:09:55]}
11. bxc5 {[%clk 01:25:19]} {[%emt 00:00:15]} Ba6 {[%clk 01:02:19]} {[%emt
00:00:17]} 12. Bxa6 {[%clk 01:25:06]} {[%emt 00:00:44]} Rxa6 {[%clk 01:02:47]}
{[%emt 00:00:01]} 13. O-O {[%clk 01:25:04]} {[%emt 00:00:32]} Qc8 {[%clk
01:00:48]} {[%emt 00:02:29]} 14. Qd3 {[%clk 01:14:08]} {[%emt 00:11:26]} Ra7
{[%clk 01:00:04]} {[%emt 00:01:14]} 15. Rab1 {[%clk 01:12:16]} {[%emt
00:02:23]} Re8 {[%clk 00:57:43]} {[%emt 00:02:51]} 16. Na4 {[%clk 01:06:13]}
{[%emt 00:06:32]} Bd8 {[%clk 00:55:57]} {[%emt 00:02:16]} 17. Rb2 {[%clk
00:48:24]} {[%emt 00:18:19]} Bc7 {[%clk 00:55:35]} {[%emt 00:00:52]} 18. Rfb1
{[%clk 00:47:30]} {[%emt 00:01:24]} Bxf4 {[%clk 00:51:09]} {[%emt 00:04:56]} 19.
exf4 {[%clk 00:46:36]} {[%emt 00:01:24]} Qc7 {[%clk 00:47:03]} {[%emt
00:04:37]} 20. Ne5 {[%clk 00:44:01]} {[%emt 00:03:04]} Rb8 {[%clk 00:45:36]}
{[%emt 00:01:57]} 21. Rxb8+ {[%clk 00:39:56]} {[%emt 00:04:36]} Nxb8 {[%clk
00:45:30]} {[%emt 00:00:36]} 22. Rxb8+ {[%clk 00:39:25]} {[%emt 00:01:01]} Qxb8
{[%clk 00:45:48]} {[%emt 00:00:12]} 23. Nxc6 {[%clk 00:39:49]} {[%emt
00:00:05]} Qe8 {[%clk 00:44:01]} {[%emt 00:02:16]} 24. Nxa7 {[%clk 00:40:00]}
{[%emt 00:00:21]} Qxa4 {[%clk 00:44:28]} {[%emt 00:00:03]} 25. c6 {[%clk
00:36:41]} {[%emt 00:03:48]} Ne8 {[%clk 00:44:38]} {[%emt 00:00:20]} 26. Nb5
{[%clk 00:36:29]} {[%emt 00:00:42]} Qc4 {[%clk 00:43:39]} {[%emt 00:01:29]} 27.
Qxc4 {[%clk 00:36:25]} {[%emt 00:00:34]} dxc4 {[%clk 00:44:08]} 28. Kf1 {[%clk
00:36:18]} {[%emt 00:00:37]} c3 {[%clk 00:43:44]} {[%emt 00:00:55]} 29. Ke2
{[%clk 00:36:26]} {[%emt 00:00:22]} 1-0